| 000 | 00415nam a22001697a 4500 | ||
|---|---|---|---|
| 005 | 20180728151714.0 | ||
| 008 | 160514b xxu||||| |||| 00| 0 eng d | ||
| 020 | _a81-7014-888-X | ||
| 041 | _aeng | ||
| 082 |
_b2440 _a658.3 |
||
| 100 |
_a Prasad, L.M. _9431 |
||
| 245 | _aOrganizational Behaviour | ||
| 260 |
_aNew Delhi _bSultan Chand & Sons. _c2004 |
||
| 300 | _a659p, | ||
| 650 |
_aManagement _9241 |
||
| 942 | _cBK | ||
| 999 |
_c871 _d871 |
||